Statistics for The 21st Century in Europe

Click here to take the quiz!

General Stats

  • This quiz has been taken 34 times
  • The average score is 13 of 19

Answer Stats

Year What has happened? Answer % Correct
2019This Gothic cathedral catches fire, followed by public dismayNotre-Dame de Paris
100%
2017This region declares itself independent from Spain, but lacks international supportCatalonia
97%
2016The withdrawal of the UK from the EU, known under this portmanteau, beginsBrexit
94%
2014This peninsula (involuntarily?) joins the Russian FederationCrimea
94%
2002This neutral country finally becomes a member of the United NationsSwitzerland
91%
2001On April 1, the Netherlands becomes the first country to legalize thisSame-sex marriage
91%
2005This Polish pope dies after a 26-year pontificateJohn Paul II
91%
2004The Olympics "return" to this cityAthens
91%
2009Jóhanna Sigurðardóttir, PM of this country, becomes the first lesbian head of governmentIceland
79%
2008This Swedish music streaming service is launchedSpotify
76%
2011The Duke of Cambridge marries this woman in Westminster AbbeyCatherine Middleton
73%
2013Benedict XVI becomes the first pope to do this in 600 yearsresign
67%
2018This anti-establishment movement demands lower fuel prices in France{Yellow} {vests}
movement
64%
2006This country declares itself independentMontenegro
55%
2007A parliamentary election in this country becomes the first one to accept internet votingEstonia
42%
2010This football player's goal in extra time makes Spain world championsAndrés Iniesta
33%
2012This cruise ship sinks off the Tuscan coastCosta Concordia
24%
2015The world's fair is held in this cityMilan
21%
2003A diamond heist takes place in this cityAntwerp
21%

Score Distribution

Percentile by Number Answered

Percent of People with Each Score

Your Score History

You have not taken this quiz